[Event "HUN-chT2 Charousek 1112"]
[Site "Hungary"]
[Date "2012.04.22"]
[Round "9"]
[White "Kovari, Laszlo"]
[Black "Darazs, Zoltan"]
[Result "0-1"]
[WhiteElo "2054"]
[BlackElo "2127"]
[PlyCount "78"]
[EventDate "2011.09.25"]
[EventType "team-tourn"]
[EventRounds "11"]
[EventCountry "HUN"]
[SourceTitle "EXT 2013"]
[Source "ChessBase"]
[SourceDate "2012.11.22"]
[SourceVersion "1"]
[SourceVersionDate "2012.11.22"]
[SourceQuality "1"]
[WhiteTeam "Fehervar"]
[BlackTeam "Budapest MTK"]
[WhiteTeamCountry "HUN"]
[BlackTeamCountry "HUN"]

1. e4 e5 2. Nf3 Nc6 3. Nc3 Nf6 4. d4 Bb4 5. Nxe5 Nxe4 6. Qf3 Nf6 7. Be3 0-0 8. Bd3 Re8 9. 0-0 d5 10. Nxc6 bxc6 11. Bg5 Be7 12. Rfe1 Rb8 13. Rab1 h6 14. Bf4 Rb4 15. Be5 Ng4 16. Ne2 Nxe5 17. dxe5 Bg4 18. Qe3 Bg5 19. Qc5 Rb6 20. f3 Rxe5 21. f4 Be7 22. Qd4 Rh5 23. Ng3 Rh4 24. Qe3 Bf8 25. c4 Qd6 26. Kh1 Bd7 27. b3 Qxf4 28. Qxf4 Rxf4 29. Rbc1 d4 30. Ne4 c5 31. g3 Rf3 32. Rcd1 Re6 33. Kg1 Bc6 34. Nf2 Rfe3 35. Rxe3 dxe3 36. Nh3 g5 37. Kf1 Bg7 38. Rc1 Rf6+ 39. Kg1 Rd6 0-1

[Event "HUN-chT2 Charousek 0910"]
[Site "Hungary"]
[Date "2009.12.06"]
[Round "3"]
[White "Kovari, Laszlo"]
[Black "Kardon, Zoltan"]
[Result "1-0"]
[WhiteElo "2052"]
[BlackElo "2202"]
[PlyCount "53"]
[EventDate "2009.11.08"]
[EventType "team-tourn"]
[EventRounds "11"]
[EventCountry "HUN"]
[SourceTitle "EXT 2011"]
[Source "ChessBase"]
[SourceDate "2010.11.26"]
[SourceVersion "1"]
[SourceVersionDate "2010.11.26"]
[SourceQuality "1"]
[WhiteTeam "Hobagoly"]
[BlackTeam "Fehervar"]
[WhiteTeamCountry "HUN"]
[BlackTeamCountry "HUN"]

1. e4 e5 2. Nf3 Nc6 3. Nc3 Nf6 4. d4 exd4 5. Nxd4 d6 6. Bg5 Be7 7. Qd2 h6 8. Bf4 Nxd4 9. Qxd4 0-0 10. Be2 Be6 11. 0-0-0 Ng4 12. Bxg4 Bxg4 13. f3 Bf6 14. Qd2 Be6 15. Kb1 b5 16. h4 b4 17. Nd5 Bxd5 18. Qxd5 Bxh4 19. g3 Bg5 20. Rh5 Bxf4 21. gxf4 Qf6 22. Qd2 Rfe8 23. Rg1 Re6 24. f5 Ree8 25. Rxh6 Qe5 26. f6 g6 27. Rh8+ 1-0

[Event "HUN-chT2 Asztalos 0607"]
[Site "Hungary"]
[Date "2006.12.17"]
[Round "4"]
[White "Horvath, Janos"]
[Black "Kovari, Laszlo"]
[Result "1-0"]
[WhiteElo "2097"]
[BlackElo "2073"]
[PlyCount "117"]
[EventDate "2006.11.12"]
[EventType "team-tourn"]
[EventRounds "11"]
[EventCountry "HUN"]
[SourceTitle "EXT 2008"]
[Source "ChessBase"]
[SourceDate "2007.11.25"]
[SourceVersion "1"]
[SourceVersionDate "2007.11.25"]
[SourceQuality "1"]
[WhiteTeam "Szenna Pack II"]
[BlackTeam "Varga Mafry"]
[WhiteTeamCountry "HUN"]
[BlackTeamCountry "HUN"]

1. e4 c6 2. d4 d5 3. exd5 cxd5 4. Bd3 Nc6 5. c3 g6 6. Nf3 Bg7 7. 0-0 Nh6 8. Re1 0-0 9. Bf4 f6 10. Nbd2 Nf7 11. Bb5 g5 12. Bg3 g4 13. Nh4 e5 14. Bxc6 bxc6 15. f4 e4 16. Re3 f5 17. Qe1 Rb8 18. b3 Qb6 19. Bf2 Nd8 20. b4 Ne6 21. Nb3 Ba6 22. g3 Bc4 23. Qd2 Ra8 24. Na5 Bd3 25. Ree1 Nc7 26. Nb3 Ne6 27. Ng2 Bc4 28. Na5 Ba6 29. Ne3 Rad8 30. Nb3 Qc7 31. a4 Bh6 32. Ng2 Bc4 33. Na5 Ba6 34. Ra2 Bd3 35. Rb2 c5 36. dxc5 Bg7 37. Nb3 d4 38. cxd4 Bc4 39. Qc1 Bxb3 40. Rxb3 Nxd4 41. Bxd4 Bxd4+ 42. Ne3 Qd7 43. Qc4+ Qd5 44. Kf1 Bxe3 45. Qxd5+ Rxd5 46. Rexe3 Rfd8 47. c6 Rd1+ 48. Re1 R1d2 49. c7 Rc8 50. Rc3 Kf7 51. b5 Ke7 52. a5 Rb2 53. Rc5 Kd6 54. Rc6+ Kd7 55. Rd1+ Ke7 56. b6 axb6 57. axb6 Rb5 58. Rh6 Rh8 59. Rxh7+ 1-0

[Event "IECC Swiss-474.1"]
[Site "IECC email"]
[Date "2003.11.04"]
[Round "?"]
[White "Kovari, Laszlo"]
[Black "Tarzia, Paolo"]
[Result "1/2-1/2"]
[WhiteElo "2040"]
[BlackElo "1568"]
[PlyCount "49"]
[EventDate "2003.??.??"]
[EventType "swiss (corr)"]
[EventRounds "1"]
[SourceTitle "Corr 2020"]
[Source "ChessBase"]
[SourceDate "2019.09.30"]
[SourceVersion "1"]
[SourceVersionDate "2019.09.30"]
[SourceQuality "1"]
[WhiteTeam "Hungary"]
[BlackTeam "Italy"]
[WhiteTeamCountry "HUN"]
[BlackTeamCountry "ITA"]

1. e4 c6 2. d4 d5 3. exd5 cxd5 4. c4 Nf6 5. Nc3 Nc6 6. Bg5 Ne4 7. Nxe4 dxe4 8. d5 Ne5 9. Qd4 h6 10. Bd2 Ng4 11. c5 Qd7 12. Ne2 e5 13. dxe6 Qxd4 14. exf7+ Kxf7 15. Nxd4 Bxc5 16. Bc4+ Ke7 17. Be3 Nxe3 18. fxe3 Rf8 19. 0-0-0 Bg4 20. Rd2 Rac8 21. Kb1 Rcd8 22. h3 Bh5 23. a3 a6 24. Re1 Bxd4 25. exd4 1/2-1/2

[Event "IECC CL2-2003.29 email"]
[Site "IECC email"]
[Date "2003.10.30"]
[Round "?"]
[White "Graff, John V"]
[Black "Kovari, Laszlo"]
[Result "1-0"]
[WhiteElo "2106"]
[BlackElo "2068"]
[PlyCount "55"]
[EventDate "2003.??.??"]
[EventType "tourn (corr)"]
[EventRounds "4"]
[SourceTitle "Corr 2008"]
[Source "ChessBase"]
[SourceDate "2008.06.24"]
[SourceVersion "1"]
[SourceVersionDate "2008.06.24"]
[SourceQuality "1"]

1. a3 e5 2. e3 d5 3. d4 Nc6 4. Nf3 Bg4 5. h3 Bxf3 6. Qxf3 exd4 7. Bb5 dxe3 8. Bxe3 Nf6 9. Nc3 Bd6 10. 0-0-0 a6 11. Ba4 b5 12. Nxb5 axb5 13. Bxb5 Qd7 14. Rxd5 Nxd5 15. Qxd5 Ra5 16. Qe4+ Kf8 17. Bxc6 Qe7 18. Qc4 Qe5 19. Bd4 Qf4+ 20. Kb1 h5 21. g3 Qg5 22. Re1 Kg8 23. Re8+ Kh7 24. Rxh8+ Kxh8 25. Qxf7 Rf5 26. Bxg7+ Qxg7 27. Qxf5 Qh7 28. Qg5 1-0

[Event "HUN-chT2 Asztalos 0203"]
[Site "Hungary"]
[Date "2002.09.22"]
[Round "1"]
[White "Kovari, Laszlo"]
[Black "Fulop, Csaba"]
[Result "0-1"]
[WhiteElo "2076"]
[BlackElo "2144"]
[PlyCount "82"]
[EventDate "2002.09.22"]
[EventType "team-tourn"]
[EventRounds "11"]
[EventCountry "HUN"]
[SourceTitle "EXT 2009"]
[Source "ChessBase"]
[SourceDate "2008.11.26"]
[SourceVersion "1"]
[SourceVersionDate "2008.11.26"]
[SourceQuality "1"]

1. e4 c5 2. Nf3 Nc6 3. d4 cxd4 4. c3 d5 5. exd5 Qxd5 6. cxd4 e5 7. Nc3 Bb4 8. dxe5 Qxd1+ 9. Kxd1 Bg4 10. Bf4 Nge7 11. Bb5 0-0 12. Ne2 Rfd8+ 13. Kc1 Rac8 14. Bxc6 Ng6 15. Bg5 Rxc6+ 16. Nc3 Rdc8 17. Kd2 Bxf3 18. gxf3 Nxe5 19. Ke2 Bxc3 20. bxc3 Rxc3 21. Rac1 Rxc1 22. Rxc1 Rxc1 23. Bxc1 Kf8 24. Bb2 Nc6 25. Ke3 f6 26. Ke4 Ke7 27. f4 g6 28. f5 g5 29. h3 h5 30. Ba3+ Kf7 31. Bb2 Ne7 32. Bc3 Ng8 33. Bb2 Nh6 34. Bc3 g4 35. hxg4 Nxg4 36. Bd4 a6 37. Kf4 b5 38. Bc5 Ne5 39. Bd4 a5 40. Kg3 b4 41. Kh4 Nf3+ 0-1

[Event "HUN-chT3 9900"]
[Site "Hungary"]
[Date "2000.03.26"]
[Round "10"]
[White "Kovari, Laszlo"]
[Black "Kovacs, Gabor M"]
[Result "1/2-1/2"]
[WhiteElo "2076"]
[BlackElo "2300"]
[PlyCount "42"]
[EventDate "1999.09.26"]
[EventType "team-tourn"]
[EventRounds "11"]
[EventCountry "HUN"]
[SourceTitle "EXT 2002"]
[Source "ChessBase"]
[SourceDate "2001.11.25"]
[SourceVersion "1"]
[SourceVersionDate "2001.11.25"]
[SourceQuality "1"]

1. e4 c5 2. Nf3 Nc6 3. d4 cxd4 4. c3 d3 5. c4 d6 6. Bxd3 Nf6 7. Nc3 g6 8. h3 Bg7 9. Be3 0-0 10. Qd2 Re8 11. Rd1 b6 12. 0-0 Bb7 13. Bb1 Rc8 14. b3 Qc7 15. Nd5 Qb8 16. Nd4 Qa8 17. Nb5 Nxd5 18. exd5 Nb8 19. Bd4 Nd7 20. Bxg7 Kxg7 21. f4 Nf6 1/2-1/2

[Event "HUN-chT3 9900"]
[Site "Hungary"]
[Date "2000.02.13"]
[Round "7"]
[White "Papagorasz, Takisz"]
[Black "Kovari, Laszlo"]
[Result "1-0"]
[WhiteElo "2228"]
[BlackElo "2076"]
[PlyCount "65"]
[EventDate "1999.09.26"]
[EventType "team-tourn"]
[EventRounds "11"]
[EventCountry "HUN"]
[SourceTitle "EXT 2002"]
[Source "ChessBase"]
[SourceDate "2001.11.25"]
[SourceVersion "1"]
[SourceVersionDate "2001.11.25"]
[SourceQuality "1"]

1. d4 Nf6 2. Nf3 g6 3. c4 Bg7 4. Nc3 0-0 5. g3 d6 6. Bg2 Nc6 7. 0-0 e5 8. d5 Ne7 9. e4 Nd7 10. Rb1 h6 11. Be3 f5 12. Qd2 Kh7 13. Ne1 Nf6 14. f3 Nh5 15. Nd3 Ng8 16. c5 g5 17. exf5 Kh8 18. g4 Nf4 19. Nxf4 gxf4 20. Bf2 a6 21. Rfd1 Qe7 22. Ne4 Nf6 23. Rbc1 h5 24. h3 Rg8 25. Qb4 Bf8 26. Bh4 Nxd5 27. Bxe7 Nxb4 28. cxd6 cxd6 29. Bxd6 Nc6 30. Nf6 Nd4 31. Rc7 Rg7 32. Nxh5 Rxc7 33. Bxe5+ 1-0

[Event "HUN-chT2 9596"]
[Site "Hungary"]
[Date "1995.??.??"]
[Round "1"]
[White "Kovari, Laszlo"]
[Black "Nagy, Zoltan"]
[Result "1-0"]
[WhiteElo "2150"]
[BlackElo "2220"]
[PlyCount "59"]
[EventDate "1995.??.??"]
[EventType "team-tourn"]
[EventRounds "11"]
[EventCountry "HUN"]
[SourceTitle "EXT 2000"]
[Source "ChessBase"]
[SourceDate "1999.11.16"]
[SourceVersion "1"]
[SourceVersionDate "1999.11.16"]
[SourceQuality "1"]

1. e4 c5 2. Nf3 d6 3. d4 cxd4 4. Nxd4 Nf6 5. Nc3 a6 6. Bg5 e6 7. f4 Qb6 8. Qd2 Qxb2 9. Rb1 Qa3 10. e5 dxe5 11. fxe5 Nfd7 12. Be2 Qc5 13. Na4 Qc7 14. 0-0 Nc6 15. Bh5 g6 16. Qf4 Ncxe5 17. Bg4 Bc5 18. Nxc5 Qxc5 19. Rbe1 h5 20. Bh3 Rg8 21. Kh1 b5 22. Nf3 Ng4 23. Bxg4 hxg4 24. Nd4 f5 25. Rxe6+ Kf8 26. Be7+ Qxe7 27. Rxe7 Kxe7 28. Re1+ Kf7 29. Qd6 Re8 30. Qd5+ 1-0

[Event "HUN-chT2 9596"]
[Site "Hungary"]
[Date "1995.??.??"]
[Round "5"]
[White "Kovari, Laszlo"]
[Black "Szirti, Almos"]
[Result "0-1"]
[WhiteElo "2150"]
[BlackElo "2140"]
[PlyCount "50"]
[EventDate "1995.??.??"]
[EventType "team-tourn"]
[EventRounds "11"]
[EventCountry "HUN"]
[SourceTitle "EXT 2000"]
[Source "ChessBase"]
[SourceDate "1999.11.16"]
[SourceVersion "1"]
[SourceVersionDate "1999.11.16"]
[SourceQuality "1"]

1. e4 c5 2. Nf3 d6 3. d4 cxd4 4. Nxd4 Nf6 5. Nc3 g6 6. Be3 Bg7 7. f3 Nc6 8. Bc4 Bd7 9. Qd2 Rc8 10. Bb3 0-0 11. 0-0-0 Ne5 12. g4 Nc4 13. Bxc4 Rxc4 14. Kb1 a6 15. h4 b5 16. a3 Qc7 17. h5 Rc8 18. hxg6 hxg6 19. Nde2 Bxg4 20. Bh6 Bh8 21. Bf8 Bh5 22. Bh6 Bxf3 23. Rhg1 Nxe4 24. Qd3 Bxe2 25. Qxe2 Bxc3 0-1

[Event "HUN-chT2 9596"]
[Site "Hungary"]
[Date "1995.??.??"]
[Round "6"]
[White "Kovari, Laszlo"]
[Black "Toth, Andras"]
[Result "0-1"]
[WhiteElo "2150"]
[BlackElo "2175"]
[PlyCount "92"]
[EventDate "1995.??.??"]
[EventType "team-tourn"]
[EventRounds "11"]
[EventCountry "HUN"]
[SourceTitle "EXT 2000"]
[Source "ChessBase"]
[SourceDate "1999.11.16"]
[SourceVersion "1"]
[SourceVersionDate "1999.11.16"]
[SourceQuality "1"]

1. e4 c5 2. Nf3 Nc6 3. d4 cxd4 4. Nxd4 Nf6 5. Nc3 d6 6. Bg5 e6 7. Qd2 a6 8. 0-0-0 Bd7 9. f4 b5 10. a3 Qb6 11. Bxf6 gxf6 12. Be2 Rc8 13. Rhe1 h5 14. Bf3 Be7 15. Nb3 b4 16. Nd5 exd5 17. exd5 Na5 18. Nxa5 Qxa5 19. Qe2 Qd8 20. Qxa6 Bf5 21. Re2 bxa3 22. Qxa3 Ra8 23. Qc3 Qc8 24. Rde1 Ra1+ 25. Kd2 Qxc3+ 26. Kxc3 Rxe1 27. Rxe1 Kd7 28. Kd2 Rc8 29. c3 Rb8 30. b4 Ra8 31. Re2 Bg4 32. Bxg4+ hxg4 33. f5 Ra1 34. Ke3 Bf8 35. Rc2 Bh6+ 36. Kf2 Bf4 37. g3 Be5 38. c4 Ra4 39. b5 Kc7 40. Ke3 Kb6 41. Ke4 Kc5 42. Kd3 Ra1 43. Ke4 Re1+ 44. Kd3 Rd1+ 45. Ke3 Rd4 46. Ke2 Rxc4 0-1